000 01075nam a2200301 4500
001 37107
003 BD-RjUL
005 20211209052558.0
008 700601s1969 enka b 001 0 eng
020 _a0521076315
035 _a(BD-RjUL)37209
040 _aDLC
_cDLC
_dDLC
_dBD-RjUL
_beng
041 _aeng
082 0 0 _a519
_bMOP 1969
100 1 _aMoore, P. G.
_q(Peter Gerald),
_d1928-
_921144
245 1 0 _aPrinciples of statistical techniques :
_ba first course from the beginnings for schools and universities, with many examples and solutions /
_cby P. G. Moore.
250 _a2nd ed.
260 _aLondon,
_bCambridge U.P.,
_cC1969 [reprint 1980]
300 _aviii, 288 p.
_billus.
_c23 cm.
350 _a45/-
504 _aBibliography: p. 285.
650 0 _aStatistics.
_9113463
856 4 2 _3Publisher description
_uhttp://www.loc.gov/catdir/enhancements/fy0901/70085731-d.html
856 4 1 _3Table of contents only
_uhttp://www.loc.gov/catdir/enhancements/fy0901/70085731-t.html
942 _2ddc
_cBK
999 _c37107
_d37107